Some aspects of processing and ageing of epoxidised natural rubber (Record no. 68929)

MARC details
000 -LEADER
fixed length control field 00528nam a2200157Ia 4500
100 ## - MAIN ENTRY--AUTHOR NAME
Personal name Amu A B
245 #0 - TITLE STATEMENT
Title Some aspects of processing and ageing of epoxidised natural rubber
260 ## - PUBLICATION, DISTRIBUTION, ETC. (IMPRINT)
Name of publisher Proceedings of the International Rubber Conference, Kuala Lumpur, Malaysia, V.2. 1985; p289-311
650 ## - SUBJECT ADDED ENTRY--TOPICAL TERM
Topical Term Ageing
650 ## - SUBJECT ADDED ENTRY--TOPICAL TERM
Topical Term Epoxidised natural rubber
650 ## - SUBJECT ADDED ENTRY--TOPICAL TERM
Topical Term Natural rubber processing
700 ## - ADDED ENTRY--PERSONAL NAME
Personal name Dulngali S B
700 ## - ADDED ENTRY--PERSONAL NAME
Personal name Ismail Ku Abdul Rahman Bin Ku
942 ## - ADDED ENTRY ELEMENTS (KOHA)
Koha item type Journals
Holdings
Withdrawn status Lost status Damaged status Not for loan Home library Current library Shelving location Date acquired Koha item type
      Journals RRII Library RRII Library Rubber chemistry 17/12/2021 Journals